000 00532nam a2200169 i 4500
001 144166
003 ES-MaACL
005 20230906200946.0
007 t|
008 070214s1932 sp r ||||1| spa d
100 1 _aSiegfried, André.
_9106225
245 1 3 _aLa crisis británica en el siglo XX /
_cAndré Siegfried ; traducción de Francisco Pina.
260 _aMadrid :
_bEditorial España,
_c1932 (
_fSucesores de Rivadeneyra)
300 _a264 p. ;
_c20 cm.
700 1 _aPina, Francisco.
_992064
852 _aES-MaACL
_jA-1062
999 _c144166
_d144166